Представление документа в формате RUSMARC

ПолеНазваниеЗначение
  Тип записи a
  Библиографический уровень a
001 Контрольный номер RU/CBS_UL/BASE/898c2ceda98e4fef92d59bd5a7618abd
005 Дата корректировки 20260422105202.1
100 Данные общей обработки __
a Данные общей обработки 20260422 ||| 0rusy0189 ca
101 Язык документа 0_
a Язык текста rus
102 Страна публикации __
a Страна публикации RU
200 Заглавие и сведения об ответственности 1_
a Заглавие Володарке - 110 лет
e Сведения, относящиеся к заглавию [решение о строительстве третьего в России патронного завода было принято 20 апреля 1916 года]
f Первые сведения об ответственности И. Черных
300 Общие примечания __
a Общие примечания 16+
461 Уровень набора _0
1 2000
a Ульяновская правда
463 Уровень физической единицы _0
1 2000
a № 29 (21 апр.)
v С. 1
1 2101
d 2026
1 001RU/CBS_UL/BASE/e1cc3c68d94d400582755980fac8f392
606 Тематические рубрики 0_
a Основная рубрика Ульяновский патронный завод - История
610 Ключевые слова 0_
a Ключевые слова патронные заводы; оборонная промышленность; оборонные предприятия; производство оружия; Ульяновский патронный завод; заводы; Володарка (заводы)
686 Индексы других классификаций __
a Классификационный индекс 34.4
700 Автор _1
a Фамилия Черных
b Имя (инициалы) И.
801 Источник записи _0
a Страна RU
b Организация МБУК ЦБС г. Ульяновска
c Дата составления 20260422
g Правила каталогизации RCR
801 Источник записи _1
a Страна RU
b Организация МБУК ЦБС г. Ульяновска
c Дата составления 20260422
g Правила каталогизации RCR
901 Тип документа __
t Тип документа f
w Контрольный № источника RU/CBS_UL/BASE/e1cc3c68d94d400582755980fac8f392
909 Создатель записи __
a Создатель записи mbo